000 00821nam a2200253 a 4500
001 BRL_1746
005 20190320211342.0
008 270715s1972----mx-ao#####---#000-0#spa-#
041 _aspa
044 _amx
050 4 _aF1221.M33
_b.C67 1972
100 1 _aCorteìs Ruiz, Efraiìn C.
_927769
245 1 0 _aSan Simón de la laguna
_bLa organización familiar y lo mágico-religioso en el culto al oratorio
_cAfraín C. Cortes Ruiz.
260 _aMéxico
_bInstituto Nacional Indigenista
_c1972
300 _a165 p.
_bil.
_c22 cm.
440 0 _aColección SEP-INI
_v12
_927770
500 _aAu2017
504 _aBibliografía: p. 161-165
650 1 4 _aMazahuas
_927771
650 1 4 _aMazahuas
_xVida social y costumbres
_927772
651 4 _aSan Simoìn de la Laguna, Mexico
_927773
902 _aGRL
942 _2lcc
_cB
999 _c10554
_d10554